LIBRARY & INFORMATION CENTRE, KCAET, TAVANUR

ONLINE PUBLIC ACCESS CATALOGUE (OPAC)

Theory and design of R C C structures (Record no. 1342)

MARC details
000 -LEADER
fixed length control field 00445cam a2200169ua 4500
003 - CONTROL NUMBER IDENTIFIER
control field OSt
008 - FIXED-LENGTH DATA ELEMENTS--GENERAL INFORMATION
fixed length control field 250626b |||||||| |||| 00| 0 eng d
041 ## - LANGUAGE CODE
Language code of text/sound track or separate title eng
082 ## - DEWEY DECIMAL CLASSIFICATION NUMBER
Classification number 624.18341
Item number GUR/TH
100 ## - MAIN ENTRY--AUTHOR NAME
Personal name Gurucharan, Singh .
245 ## - TITLE STATEMENT
Title Theory and design of R C C structures
250 ## - EDITION STATEMENT
Edition statement 1 /
260 ## - PUBLICATION, DISTRIBUTION, ETC. (IMPRINT)
Place of publication :
Name of publisher Standard publishers & Distributors ,
Year of publication 1986.
300 ## - PHYSICAL DESCRIPTION
Number of Pages 1273 ; .
700 1# - ADDED ENTRY--PERSONAL NAME
Personal name Jagdish, Singh .
942 ## - ADDED ENTRY ELEMENTS (KOHA)
Koha item type Books
Holdings
Withdrawn status Lost status Damaged status Home library Current library Date acquired Full call number Accession Number Koha item type
      KAUAET KAUAET 20/08/1986 624.18341 GUR/TH 15435 Books
free website counter